LEADER 03622nam 22005895 450 001 9910863110403321 005 20251113210830.0 010 $a981-15-6832-4 024 7 $a10.1007/978-981-15-6832-9 035 $a(CKB)4100000011413787 035 $a(DE-He213)978-981-15-6832-9 035 $a(MiAaPQ)EBC6336350 035 $a(PPN)250219212 035 $a(EXLCZ)994100000011413787 100 $a20200903d2020 u| 0 101 0 $aeng 135 $aurnn|008mamaa 181 $ctxt$2rdacontent 182 $cc$2rdamedia 183 $acr$2rdacarrier 200 10$aAdvances in Offshore Geotechnics $eProceedings of ISOG2019 /$fedited by Sumanta Haldar, Shantanu Patra, Ravindra K. Ghanekar 205 $a1st ed. 2020. 210 1$aSingapore :$cSpringer Nature Singapore :$cImprint: Springer,$d2020. 215 $a1 online resource (XVI, 429 p. 330 illus., 253 illus. in color.) 225 1 $aLecture Notes in Civil Engineering,$x2366-2565 ;$v92 311 08$a981-15-6831-6 327 $aDesign of anchoring systems for deep water soft sediments -- Use of onshore test sites for offshore geotechnical problems -- Optimising geotechnical engineering models (GEMs) -- Challenge in geotechnical engineering on Methane Hydrate production -- Lattice leg-soil interaction effects in deeply embedded spudcan foundations -- Developing screw piles for offshore renewable energy application -- Challenges in the design and construction of offshore wind turbine foundations including sites in seismic areas -- Evaluation of offshore pile capacity and pile integrity using dynamic pile monitoring services -- Geotechnical Characterisation of Krishna Godavari Basin Sediments, Offshore Eastern India -- Back analyses of jack-up rig penetration for punch through case. . 330 $aThis book comprises select proceedings of the First Indian Symposium on Offshore Geotechnics. It addresses state of the art and emerging challenges in offshore design and construction. The theme papers from leading academicians and practitioners provide a comprehensive overview of the broad topics encompassing various challenges in offshore geotechnical engineering. It covers various aspects pertaining to offshore geotechnics, such as offshore site investigation, soil characterization, geotechnics related to offshore renewable energy converters, offshore foundations and anchoring systems, pipelines, and deep sea explorations. This volume provides a comprehensive reference for professionals and researchers in offshore, civil and maritime engineering and for soil mechanics specialists. 410 0$aLecture Notes in Civil Engineering,$x2366-2565 ;$v92 606 $aOffshore structures 606 $aEngineering geology 606 $aGeotechnical engineering 606 $aOffshore Engineering 606 $aGeoengineering 606 $aGeotechnical Engineering and Applied Earth Sciences 615 0$aOffshore structures. 615 0$aEngineering geology. 615 0$aGeotechnical engineering. 615 14$aOffshore Engineering. 615 24$aGeoengineering. 615 24$aGeotechnical Engineering and Applied Earth Sciences. 676 $a333.823140973 702 $aHaldar$b Sumanta$4edt$4http://id.loc.gov/vocabulary/relators/edt 702 $aPatra$b Shantanu$4edt$4http://id.loc.gov/vocabulary/relators/edt 702 $aGhanekar$b Ravindra K$4edt$4http://id.loc.gov/vocabulary/relators/edt 801 0$bMiAaPQ 801 1$bMiAaPQ 801 2$bMiAaPQ 906 $aBOOK 912 $a9910863110403321 996 $aAdvances in Offshore Geotechnics$94166236 997 $aUNINA